00215nam a2200085Ia 4500008004100000041000800041100001900049245003000068260003100098230508s1996 xx 000 0 und d aeng aROBERT G GREEN aMACHINERYS HANDBOOK GUIDE bINDUSTRIAL PRESS, NEc1996